000
00301nam a22001097a 4500
008
260422b |||||||| |||| 00| 0 eng d
100
_a
Bhagvatpad, Shrimadanandatirtha
245
_a
Tatvadyota
260
_a
Bangalore
_b
Dwaitavedanta Studies and Research Foundation
_c
2008
300
_a
404p
942
_2
ddc
999
_c
1260
_d
1260